Vietnam
Contents: highlights; getting started; itineraries; the authors; snapshot; history; the culture; Tet festival; environment; food and drink; Hanoi; Northeast Vietnam; Northwest Vietnam; North-central Vietnam; central Vietnam; south-central coast,...
Uloženo v:
| Hlavní autor: | |
|---|---|
| Další autoři: | |
| Médium: | Kniha |
| Jazyk: | Vietnamese |
| Vydáno: |
Australia
Lonely planet
2005
|
| Vydání: | 8th ed. |
| Témata: | |
| Tagy: |
Přidat tag
Žádné tagy, Buďte první, kdo otaguje tento záznam!
|
| Thư viện lưu trữ: | Thư viện Trường Đại học Nam Cần Thơ |
|---|
| LEADER | 00994nam a22002177a 4500 | ||
|---|---|---|---|
| 001 | NCT_79810 | ||
| 008 | 200513b xxu||||| |||| 00| 0 vie d | ||
| 999 | |c 3905 |d 3905 | ||
| 020 | |a 1740596773 |c $22.99 | ||
| 082 | 0 | 4 | |2 23rd ed. |a 915.9704 |b R263 |
| 100 | 1 | |a Ray, Nick | |
| 245 | 1 | 0 | |a Vietnam |c Nick Ray, Wendy Yanagihara |
| 250 | |a 8th ed. | ||
| 260 | |a Australia |b Lonely planet |c 2005 | ||
| 300 | |a 524 p. |b ill. |c 20cm | ||
| 520 | 3 | |a Contents: highlights; getting started; itineraries; the authors; snapshot; history; the culture; Tet festival; environment; food and drink; Hanoi; Northeast Vietnam; Northwest Vietnam; North-central Vietnam; central Vietnam; south-central coast,... | |
| 653 | |a Quản trị DV Du lịch và Lữ hành | ||
| 700 | 1 | |a Yanagihara, Wendy | |
| 942 | |2 ddc |c BK | ||
| 952 | |0 0 |1 0 |2 ddc |4 0 |6 915_970400000000000_R263 |7 0 |9 19553 |a 000001 |b 000001 |d 2020-05-13 |o 915.9704 R263 |p MD.17160 |r 2020-05-13 |w 2020-05-13 |y BK | ||
| 980 | |a Thư viện Trường Đại học Nam Cần Thơ | ||


